000
00415nam a2200145Ia 4500
008
100204s9999 xx 000 0 und d
082
_b
13825
100
_a
वर्दे मोहिनी
245
_a
किन्नर
260
_b
"निशांत प्रकाशन , पुणे"
_c
1978
300
_a
174
630
_a
किन्नर
730
_a
किन्नर
942
_c
BOOK
999
_c
458257
_d
458254